1. Bundesliga 2024/2025 - Statistiken

Allgemein
  • Dieses Quiz wurde 275 mal gespielt
  • Das Durchschnittsergebnis liegt bei 16 aus 18
Antwortstatistiken
Antwort % Korrekt
FC Bayern München
100%
Borussia Dortmund
99%
Bayer 04 Leverkusen
93%
RB Leipzig
93%
VfB Stuttgart
92%
1. FC Union Berlin
91%
Eintracht Frankfurt
91%
Holstein Kiel
91%
Werder Bremen
91%
FC St. Pauli
90%
1. FSV Mainz 05
89%
VfL Wolfsburg
88%
VfL Bochum
87%
1. FC Heidenheim
86%
FC Augsburg
85%
TSG 1899 Hoffenheim
83%
SC Freiburg
82%
Borussia Mönchengladbach
80%
Keine übereinstimmenden Quizze gefunden
Verteilung der Resultate
Anzahl Personen mit jedem Resultat
Perzentil nach korrekt beantworteten Fragen
Ihre Resultats-Entwicklung
Sie haben dieses Quiz noch nicht gespielt